Wszystkie państwa NATO - Statystyki

Ogólne statystyki
  • Ten quiz został rozwiązany 67 razy
  • Średni wynik to 26 z 31
Statystyki odpowiedzi
Rok przystąpienia Państwo % Poprawnych
1999 Polska
100%
1955 Niemcy / RFN
98%
1949 Wielka Brytania
96%
1999 Czechy
92%
2004 Estonia
92%
1952 Grecja
92%
1982 Hiszpania
92%
2004 Litwa
92%
2004 Łotwa
92%
2004 Słowacja
92%
1949 Stany Zjednoczone
92%
1949 Francja
91%
1949 Belgia
89%
1949 Portugalia
89%
2023 Finlandia
87%
1949 Norwegia
87%
1949 Włochy
87%
2009 Chorwacja
85%
1949 Holandia
85%
1999 Węgry
83%
1949 Kanada
81%
1949 Dania
79%
1949 Luksemburg
77%
1952 Turcja
75%
2009 Albania
74%
2017 Czarnogóra
74%
2004 Rumunia
74%
2004 Słowenia
74%
2004 Bułgaria
72%
1949 Islandia
72%
2020 Macedonia Północna
62%
Nie znaleziono quizów pasujących do podanych kryteriów
Rozkład punktacji
Procent ludzi z każdym wynikiem
Percentyl według liczby udzielonych odpowiedzi
Twoja historia wyników
Nie rozwiązałeś tego quizu